¿Por qué confiar?: formas de creación de confianza social /

La confianza social, o confianza generalizada, es un concepto clave para la investigación sobre capital social. Se define como confianza en desconocidos acerca de los que se carece de información. En el artículo se argumenta que puede ser creada como subproducto de la participación en asociaciones,...

Повний опис

Збережено в:
Бібліографічні деталі
Автор: Herreros Vázquez, Francisco
Формат: Текст
Предмети:
Теги: Додати тег
Немає тегів, Будьте першим, хто поставить тег для цього запису!

MARC

LEADER 00000 a a2200000 04500
001 16536
003
040
100 |a Herreros Vázquez, Francisco  
245 |a ¿Por qué confiar?:   |b formas de creación de confianza social /  |c Francisco Herreros Vázquez 
520 |a La confianza social, o confianza generalizada, es un concepto clave para la investigación sobre capital social. Se define como confianza en desconocidos acerca de los que se carece de información. En el artículo se argumenta que puede ser creada como subproducto de la participación en asociaciones, a través de tres vías: la consideración de los miembros como una muestra representativa de la sociedad, la transformación de preferencias en un sentido virtuoso y los efectos del tipo de red social al que se pertenece sobre costos, beneficios y creencias que influyen en la decisión de confiar. Finalmente, se presenta un modelo estratégico de creación de confianza social mediante señales  
650 |a CAPITAL SOCIAL  
650 |a INTEGRACION SOCIAL  
650 |a PARTICIPACION COMUNITARIA  
773 |g volumen 66, número 4; páginas 605-626  
999 |c 35405  |d 35405